Statistics for The Last Time... - NFL Edition

Click here to take the quiz!

General Stats

  • This quiz has been taken 19 times
    (6 since last reset)
  • The average score is 14 of 20

Answer Stats

The Last Time...Year% Correct
The Jets made the playoffs2010 (Lost in AFCCG)
100%
A team went 15-12015 (Panthers)
100%
The Browns won the AFC North1989 (9-6-1)
83%
The Bills made the Superbowl1993 (Lost)
83%
The Raiders appeared in a Superbowl2002 (Lost)
83%
A team went 0-162017 (Browns)
83%
The Patriots lost in the playoffs2019 (Wildcard to Titans)
83%
The Giants beat the Eagles2020 (27-17)
83%
A team won every game both regular season and playoffs1972 (Dolphins)
67%
An MVP won the Superbowl1999 (Kurt Warner)
67%
The Patriots had a losing record2000 (5-11)
67%
There was an NFL Lockout2011 (March 12 - July 25)
67%
A quarterback threw 50+ TDs in a season2018 (Patrick Mahomes)
67%
A rookie won the MVP1967 (Jim Brown)
50%
A player had 3 straight MVP seasons1995/96/97 (Brett Farve)
50%
The Houston Oilers played a game (Not the Titans)1996 (Relocated to Tennessee)
50%
A running back got both 1,000+ rushing and receiving yards1999 (Marshall Faulk)
50%
A running back won the MVP2012 (Adrian Peterson)
50%
An NFL game reached 100+ points2018 (Rams 54 - Chiefs 51)
50%
A wildcard team won the Superbowl2020 (Buccaneers)
50%

Score Distribution

Percentile by Number Answered

Percent of People with Each Score

Your Score History

You have not taken this quiz since the last reset